Основные методы сетевой защиты информации; Прогрессивные технологии и экономика в машиностроении

Dades bibliogràfiques
Parent link:Прогрессивные технологии и экономика в машиностроении.— 2002.— С. 106-107
Autor principal: Чернышёва Т. Ю. Татьяна Юрьевна
Idioma:rus
Publicat: 2002
Matèries:
Format: MixedMaterials Capítol de llibre
KOHA link:https://koha.lib.tpu.ru/cgi-bin/koha/opac-detail.pl?biblionumber=100070

MARC

LEADER 00000naa2a2200000 4500
001 100070
005 20231031112016.0
035 |a (RuTPU)RU\TPU\book\107649 
090 |a 100070 
100 |a 20060811d2002 k y0rusy50 ca 
101 0 |a rus 
102 |a RU 
200 1 |a Основные методы сетевой защиты информации  |f Т. Ю. Чернышева 
463 0 |0 (RuTPU)RU\TPU\book\68544  |t Прогрессивные технологии и экономика в машиностроении  |o труды региональной научно-практической конференции, Юрга, 25-26 апреля 2002 г.  |f Томский политехнический университет; Филиал ТПУ в Юрге; отв. ред. Б. Г. Долгун  |v С. 106-107  |d 2002  |p 208 с. 
610 1 |a информация 
610 1 |a сетевая защита 
610 1 |a электронная информация 
610 1 |a шифрование 
610 1 |a защита рабочих мест 
610 1 |a вирусы электронные 
610 1 |a идентификация 
610 1 |a труды учёных ТПУ 
610 1 |a пароли 
700 1 |a Чернышёва  |b Т. Ю.  |c специалист в области информационных технологий  |c доцент Юргинского технологического института (филиала) Томского политехнического университета  |g Татьяна Юрьевна  |2 stltpush  |3 (RuTPU)RU\TPU\pers\25981 
801 1 |a RU  |b 63413507  |c 20060811  |g PSBO 
801 2 |a RU  |b 63413507  |c 20110114  |g PSBO 
942 |c BK